Ekonomičeskaja teorija nesoveršennoj konkurencii

Guardado en:
Detalles Bibliográficos
Autor principal: Robinson, Joan
Formato: Libro
Lenguaje:ruso
Publicado: Moskva Progress 1986
Edición:1. izd.
Etiquetas: Agregar Etiqueta
Sin Etiquetas, Sea el primero en etiquetar este registro!

MARC

LEADER 00000nam a2200000 4500
001 c025651
005 20230221114332.3
041 0 |a rus 
044 |a RU 
245 1 0 |a Ekonomičeskaja teorija nesoveršennoj konkurencii  |c Joan Robinson 
250 |a 1. izd. 
264 1 |a Moskva  |b Progress  |c 1986 
300 |a 471 s. 
100 1 |a Robinson, Joan